Giáo dục và xã hội
保存先:
| フォーマット: | 図書 |
|---|---|
| 言語: | Undetermined |
| 出版事項: |
Hà Nội
Hiệp hội các trường đại học, cao đẳng Việt Nam
2019
|
| 主題: | |
| タグ: |
タグ追加
タグなし, このレコードへの初めてのタグを付けませんか!
|
| Thư viện lưu trữ: | Trung tâm Học liệu Trường Đại học Cần Thơ |
|---|
| LEADER | 00572nam a2200169Ia 4500 | ||
|---|---|---|---|
| 001 | CTU_233590 | ||
| 008 | 210402s9999 xx 000 0 und d | ||
| 082 | |a 370 | ||
| 082 | |b Gi108 | ||
| 245 | 0 | |a Giáo dục và xã hội | |
| 245 | 0 | |c Hiệp hội các trường đại học, cao đẳng Việt Nam | |
| 260 | |a Hà Nội | ||
| 260 | |b Hiệp hội các trường đại học, cao đẳng Việt Nam | ||
| 260 | |c 2019 | ||
| 650 | |a Education,Giáo dục | ||
| 910 | |b vdbang | ||
| 980 | |a Trung tâm Học liệu Trường Đại học Cần Thơ | ||